日本アカデミー賞 最優秀主演男優賞 〜21世紀〜 - Statistics

General Stats
  • This quiz has been taken 24 times
  • The average score is 7 of 25
Answer Stats
名前 作品名 % Correct
2013 阿部寛 テルマエ・ロマエ
100%
2016 二宮和也 母と暮せば
72%
2015 岡田准一 永遠の0
61%
2018 菅田将暉 あゝ、荒野前編
50%
2019 役所広司 孤狼の血
50%
2020 松坂桃李 新聞記者
50%
2024 役所広司 PERFECT DAYS
50%
2021 草彅剛 ミッドナイトスワン
39%
2022 西島秀俊 ドライブ・マイ・カー
39%
2007 渡辺謙 明日の記憶
28%
2010 渡辺謙 沈まぬ太陽
28%
2011 妻夫木聡 悪人
28%
2023 妻夫木聡 ある男
28%
2025 横浜流星 正体
28%
2002 窪塚洋介 GO
17%
2003 真田広之 たそがれ清兵衛
17%
2009 本木雅弘 おくりびと
17%
2014 松田龍平 舟を編む
11%
2017 佐藤浩市 64-ロクヨン-前編
11%
2001 寺尾聰 雨あがる
6%
2005 寺尾聰 半落ち
6%
2006 吉岡秀隆 ALWAYS 三丁目の夕日
6%
2008 吉岡秀隆 ALWAYS 続・三丁目の夕日
6%
2004 中井貴一 壬生義士伝
0%
2012 原田芳雄 大鹿村騒動記
0%
No matching quizzes found
Score Distribution
Percent of People with Each Score
Percentile by Number Answered
Your Score History
You have not taken this quiz